<?xml version="1.0" encoding="UTF-8"?>
<collection xmlns="http://www.loc.gov/MARC21/slim">
  <record>
    <leader>00000nam  2200000   4500</leader>
    <controlfield tag="001">INLIS000000000001691</controlfield>
    <controlfield tag="005">20180724142841</controlfield>
    <controlfield tag="008">180724|||||||||   |   |||   |||| ||   | </controlfield>
    <datafield tag="035" ind1=" " ind2=" ">
      <subfield code="0">010-0718001691</subfield>
    </datafield>
    <datafield tag="041" ind1=" " ind2=" ">
      <subfield code="a">id</subfield>
    </datafield>
    <datafield tag="082" ind1=" " ind2=" ">
      <subfield code="a">R. 07</subfield>
    </datafield>
    <datafield tag="090" ind1=" " ind2=" ">
      <subfield code="a">R. 07 PIM I 2016</subfield>
    </datafield>
    <datafield tag="100" ind1=" " ind2=" ">
      <subfield code="a">Prasodjo Hari</subfield>
    </datafield>
    <datafield tag="245" ind1=" " ind2=" ">
      <subfield code="a">Optimalisasi Sinergi POLRI Dengan Lembaga Kementerian Melalui Sistem E-Dokumen</subfield>
    </datafield>
    <datafield tag="260" ind1=" " ind2=" ">
      <subfield code="a">Jakarta</subfield>
      <subfield code="b">LAN Jakrta</subfield>
      <subfield code="c">2016</subfield>
    </datafield>
    <datafield tag="300" ind1=" " ind2=" ">
      <subfield code="a">viii, 24 hlm., Ilus, 30 cm</subfield>
    </datafield>
    <datafield tag="500" ind1=" " ind2=" ">
      <subfield code="a">Dengan berkembangnya tekhnologi informasi serta dengan adanya program Kapolri dengan tema PROMOTER (Profesionalisme, modern dan terpercaya) maka Birokerma SOPS Polri yang memiliki peran membuat proses kerjasama mempunyai satu inovasi dengan membuat proses kerjasama yang dapat dioperasionalkan secara online atau berbasis IT dengan membuat  sebuah konsep inovasi Sinergitas Polri dan Kementerian/Lembaga Melalui E-Dokumen yang bertujuan, baik Polri maupun mitra kerjasama yang telah dibangun dapat berjalan sinergis, hambatan waktu, biaya dan jarak karena birokrasi dapat dieliminir sehingga tugas pokok Polri maupun mitra Polri dapat melayani masyarakat secara optimal.</subfield>
    </datafield>
    <datafield tag="650" ind1=" " ind2=" ">
      <subfield code="a">Sistem E-Dokumen</subfield>
    </datafield>
  </record>
</collection>
